[Event "21st Sants Open 2019"]
[Site "Cotxeres de Sants"]
[Date "2019.08.28"]
[Round "6.15"]
[White "Rios Torondell, Jaume"]
[Black "Romero Moreno, Felix"]
[Result "0-1"]
[WhiteElo "1891"]
[BlackElo "1914"]
[Annotator "NA"]
[PlyCount "104"]
[EventDate "2019.08.22"]
[EventType "swiss"]
[EventCountry "ESP"]
[SourceTitle "playchess.com"]
[Source "ChessBase"]
[SourceQuality "1"]
[TimeControl "40/5400+30:1800+30"]

1. e4 {[%emt 0:03:36]} c6 {[%emt 0:00:00]} 2. Ne2 {[%emt 0:02:33]} d5 {[%emt 0:00:39]} 3. e5 {[%emt 0:00:28]} Bf5 {[%emt 0:01:48]} 4. Ng3 {[%emt 0:00:59]} Bg6 {[%emt 0:02:18]} 5. h4 {[%emt 0:00:31]} h5 {[%emt 0:02:37]} 6. Be2 {[%emt 0:11:03]} e6 {[%emt 0:00:39]} 7. Nxh5 {[%emt 0:15:08]} Bxh5 {[%emt 0:07:23]} 8. Bxh5 {[%emt 0:00:07]} g6 {[%emt 0:00:47]} 9. Bf3 {[%emt 0:09:43]} Rxh4 {[%emt 0:01:07]} 10. g3 {[%emt 0:06:14]} Rxh1+ {[%emt 0:01:49]} 11. Bxh1 {[%emt 0:00:01]} Nd7 12. d4 {[%emt 0:09:35]} Ne7 {[%emt 0:07:33]} 13. Nd2 {[%emt 0:08:27]} Nf5 {[%emt 0:04:52]} 14. Nf3 {[%emt 0:01:12]} c5 {[%emt 0:07:20]} 15. c3 {[%emt 0:02:40]} Be7 {[%emt 0:02:47]} 16. Bg2 {[%emt 0:07:58]} Qb6 {[%emt 0:02:08]} 17. Bh3 {[%emt 0:00:28]} O-O-O {[%emt 0:02:44]} 18. Bxf5 {[%emt 0:01:05]} gxf5 {[%emt 0:00:30]} 19. Qb3 {[%emt 0:03:08]} Qa6 {[%emt 0:12:44]} 20. Qc2 {[%emt 0:02:34]} Rh8 {[%emt 0:00:45]} 21. Qe2 {[%emt 0:02:08]} Rh1+ {[%emt 0:02:25]} 22. Kd2 {[%emt 0:00:01]} Qa5 {[%emt 0:07:33]} 23. dxc5 {[%emt 0:07:25]} Nxc5 {[%emt 0:05:19]} 24. Nd4 {[%emt 0:00:01]} Ne4+ {[%emt 0:01:11]} 25. Kc2 {[%emt 0:01:23]} a6 {[%emt 0:09:57]} 26. f3 {[%emt 0:00:34]} Nxg3 {[%emt 0:05:57]} 27. Qg2 {[%emt 0:00:01]} Bh4 {[%emt 0:05:40]} 28. Ne2 {[%emt 0:00:25]} Re1 {[%emt 0:02:40]} 29. Nxg3 {[%emt 0:00:45]} Qb5 {[%emt 0:00:57]} 30. Kd2 {[%emt 0:00:49]} Bxg3 {[%emt 0:00:47]} 31. a4 {[%emt 0:00:00]} Qf1 {[%emt 0:01:13]} 32. Qxf1 {[%emt 0:01:36]} Rxf1 {[%emt 0:00:01]} 33. b3 {[%emt 0:01:55]} Rxf3 {[%emt 0:00:25]} 34. Ba3 {[%emt 0:00:18]} Bxe5 {[%emt 0:00:20]} 35. Bb4 {[%emt 0:00:18]} Rh3 {[%emt 0:00:24]} 36. Rg1 {[%emt 0:00:17]} Bg3 {[%emt 0:00:34]} 37. c4 {[%emt 0:00:37]} dxc4 {[%emt 0:00:35]} 38. bxc4 {[%emt 0:00:37]} Bf4+ {[%emt 0:00:12]} 39. Kc2 {[%emt 0:00:18]} Bg3 {[%emt 0:00:32]} 40. Rd1 {[%emt 0:00:00]} Rh2+ {[%emt 0:00:00]} 41. Kb3 {[%emt 0:07:00]} Bc7 {[%emt 0:01:37]} 42. c5 {[%emt 0:01:27]} f4 {[%emt 0:00:34]} 43. Rg1 {[%emt 0:01:59]} Rh3+ {[%emt 0:00:19]} 44. Kc4 {[%emt 0:00:10]} Rg3 {[%emt 0:00:35]} 45. Rh1 {[%emt 0:00:01]} Be5 {[%emt 0:05:27]} 46. Rh7 {[%emt 0:02:27]} Bg7 {[%emt 0:00:39]} 47. c6 {[%emt 0:00:45]} bxc6 {[%emt 0:02:48]} 48. Bd6 {[%emt 0:00:02]} Rg4 {[%emt 0:01:13]} 49. Kc5 {[%emt 0:00:31]} Kd7 {[%emt 0:01:05]} 50. Bb8 {[%emt 0:02:43]} f3 {[%emt 0:00:51]} 51. Be5 {[%emt 0:01:18]} f2 {[%emt 0:02:44]} 52. Rxg7 {[%emt 0:01:38]} Rxg7 {[%emt 0:00:16]} 0-1

[Event "21st Sants Open 2019"]
[Site "Cotxeres de Sants"]
[Date "2019.08.28"]
[Round "6.17"]
[White "Rodriguez Regull, German"]
[Black "Abreu Flores, Daniel"]
[Result "1/2-1/2"]
[WhiteElo "1944"]
[BlackElo "1897"]
[Annotator "NA"]
[PlyCount "87"]
[EventDate "2019.08.22"]
[EventType "swiss"]
[EventCountry "ESP"]
[SourceTitle "playchess.com"]
[Source "ChessBase"]
[SourceQuality "1"]
[TimeControl "40/5400+30:1800+30"]

1. Nf3 {[%emt 0:01:47]} Nf6 {[%emt 0:00:02]} 2. b4 {[%emt 0:00:40]} e6 {[%emt 0:01:53]} 3. a3 {[%emt 0:00:15]} d5 {[%emt 0:01:39]} 4. Bb2 {[%emt 0:00:37]} Bd6 {[%emt 0:00:41]} 5. e3 {[%emt 0:00:24]} Nbd7 {[%emt 0:02:16]} 6. d4 {[%emt 0:00:25]} O-O {[%emt 0:02:23]} 7. Nbd2 {[%emt 0:00:25]} c6 {[%emt 0:03:14]} 8. c4 {[%emt 0:00:18]} Bb8 {[%emt 0:01:41]} 9. Bd3 {[%emt 0:00:22]} a5 {[%emt 0:13:06]} 10. b5 {[%emt 0:07:27]} e5 {[%emt 0:13:46]} 11. cxd5 {[%emt 0:02:29]} cxd5 {[%emt 0:00:33]} 12. dxe5 {[%emt 0:01:03]} Ng4 {[%emt 0:00:43]} 13. Qc2 {[%emt 0:01:11]} h6 {[%emt 0:07:30]} 14. e6 {[%emt 0:01:36]} fxe6 {[%emt 0:04:12]} 15. Bh7+ {[%emt 0:01:46]} Kh8 {[%emt 0:04:37]} 16. Qc3 {[%emt 0:04:51]} e5 {[%emt 0:08:11]} 17. Bc2 {[%emt 0:00:53]} Qe7 {[%emt 0:11:23]} 18. h3 {[%emt 0:00:22]} Nxf2 {[%emt 0:01:08]} 19. Rf1 {[%emt 0:02:25]} d4 {[%emt 0:04:11]} 20. Qb3 {[%emt 0:00:23]} a4 {[%emt 0:00:12]} 21. Qc4 {[%emt 0:01:56]} Nb6 {[%emt 0:05:24]} 22. Qe2 {[%emt 0:00:05]} d3 {[%emt 0:00:02]} 23. Bxd3 {[%emt 0:00:52]} Nxd3+ {[%emt 0:00:06]} 24. Qxd3 {[%emt 0:00:21]} e4 {[%emt 0:03:06]} 25. Qxe4 {[%emt 0:01:25]} Qxe4 {[%emt 0:05:57]} 26. Nxe4 {[%emt 0:00:12]} Re8 {[%emt 0:02:18]} 27. Nfd2 {[%emt 0:00:30]} Nd5 {[%emt 0:01:21]} 28. Bd4 {[%emt 0:01:02]} Bd7 {[%emt 0:01:06]} 29. Rf7 {[%emt 0:00:44]} Bxb5 {[%emt 0:00:55]} 30. Rxg7 {[%emt 0:00:52]} Be5 {[%emt 0:00:25]} 31. Bxe5 {[%emt 0:02:46]} Rxe5 {[%emt 0:00:07]} 32. Rxb7 {[%emt 0:08:56]} Bc6 {[%emt 0:00:35]} 33. Rb2 {[%emt 0:01:02]} Nxe3 {[%emt 0:00:32]} 34. Kf2 {[%emt 0:01:01]} Bxe4 {[%emt 0:01:01]} 35. Kxe3 {[%emt 0:00:05]} Bxg2+ {[%emt 0:00:09]} 36. Kf4 {[%emt 0:03:50]} Re6 {[%emt 0:00:15]} 37. Nc4 {[%emt 0:04:31]} Re4+ {[%emt 0:01:03]} 38. Kg3 {[%emt 0:00:26]} Bxh3 {[%emt 0:00:38]} 39. Nb6 {[%emt 0:01:04]} Re3+ {[%emt 0:00:27]} 40. Kf2 {[%emt 0:00:00]} Rae8 {[%emt 0:00:00]} 41. Nxa4 {[%emt 0:00:32]} Bd7 42. Nc5 Bc6 43. Rb3 Re2+ 44. Kf1 1/2-1/2

[Event "21st Sants Open 2019"]
[Site "Cotxeres de Sants"]
[Date "2019.08.28"]
[Round "6.18"]
[White "Miro Arbelaes, Aleix"]
[Black "Garcia Martinez, Hector"]
[Result "0-1"]
[WhiteElo "1467"]
[BlackElo "1547"]
[Annotator "NA"]
[PlyCount "35"]
[EventDate "2019.08.22"]
[EventType "swiss"]
[EventCountry "ESP"]
[SourceTitle "playchess.com"]
[Source "ChessBase"]
[SourceQuality "1"]
[TimeControl "40/5400+30:1800+30"]

1. d4 {[%emt 0:01:21]} d5 {[%emt 0:00:00]} 2. c4 {[%emt 0:01:38]} e5 {[%emt 0:00:00]} 3. dxe5 {[%emt 0:04:42]} d4 {[%emt 0:00:00]} 4. a3 {[%emt 0:03:00]} Nc6 {[%emt 0:04:27]} 5. e3 {[%emt 0:05:06]} Nge7 {[%emt 0:15:26]} 6. exd4 {[%emt 0:30:40]} Qxd4 {[%emt 0:01:18]} 7. Be2 {[%emt 0:10:42]} Qxd1+ {[%emt 0:01:52]} 8. Bxd1 {[%emt 0:01:13]} Nxe5 {[%emt 0:00:21]} 9. Be2 {[%emt 0:00:51]} Bf5 {[%emt 0:04:29]} 10. b3 {[%emt 0:07:55]} Bd3 {[%emt 0:04:12]} 11. Bb2 {[%emt 0:03:32]} N7g6 {[%emt 0:02:52]} 12. Nf3 {[%emt 0:09:36]} Nxf3+ {[%emt 0:02:34]} 13. Bxf3 {[%emt 0:02:04]} O-O-O {[%emt 0:00:09]} 14. Nc3 {[%emt 0:02:30]} Bd6 {[%emt 0:02:26]} 15. Be2 {[%emt 0:03:51]} Rhe8 {[%emt 0:00:07]} 16. g3 {[%emt 0:00:40]} Be5 {[%emt 0:03:16]} 17. Bg4+ {[%emt 0:02:14]} Kb8 18. O-O-O 0-1

[Event "21st Sants Open 2019"]
[Site "Cotxeres de Sants"]
[Date "2019.08.28"]
[Round "6.20"]
[White "Ferre Navarro, Joan"]
[Black "Vadillo, Torre Ismael"]
[Result "1/2-1/2"]
[WhiteElo "1533"]
[BlackElo "1616"]
[Annotator "NA"]
[PlyCount "90"]
[EventDate "2019.08.22"]
[EventType "swiss"]
[EventCountry "ESP"]
[SourceTitle "playchess.com"]
[Source "ChessBase"]
[SourceQuality "1"]
[TimeControl "40/5400+30:1800+30"]

1. d4 {[%emt 0:00:00]} Nf6 {[%emt 0:00:00]} 2. Nf3 {[%emt 0:00:00]} d5 {[%emt 0:00:46]} 3. Bf4 {[%emt 0:00:00]} Nc6 {[%emt 0:01:10]} 4. h3 {[%emt 0:00:14]} h6 {[%emt 0:01:32]} 5. e3 {[%emt 0:00:29]} a6 {[%emt 0:00:51]} 6. c3 {[%emt 0:00:40]} Bf5 {[%emt 0:01:42]} 7. Bd3 {[%emt 0:03:12]} Qd7 {[%emt 0:00:11]} 8. Bxf5 {[%emt 0:00:32]} Qxf5 {[%emt 0:02:14]} 9. Bxc7 {[%emt 0:01:16]} Qg6 {[%emt 0:01:39]} 10. O-O {[%emt 0:01:51]} Rc8 {[%emt 0:02:05]} 11. Bh2 {[%emt 0:02:22]} Qf5 {[%emt 0:00:38]} 12. Qb3 {[%emt 0:01:12]} Qd7 {[%emt 0:00:27]} 13. Nbd2 {[%emt 0:03:49]} e6 {[%emt 0:01:49]} 14. Rac1 {[%emt 0:01:21]} Bd6 {[%emt 0:01:59]} 15. Ne5 {[%emt 0:00:27]} Qc7 {[%emt 0:02:17]} 16. f4 {[%emt 0:07:20]} O-O {[%emt 0:03:49]} 17. Qa4 {[%emt 0:00:44]} Ne4 {[%emt 0:00:17]} 18. Nxe4 {[%emt 0:06:45]} dxe4 {[%emt 0:00:42]} 19. Nxc6 {[%emt 0:02:38]} Qxc6 {[%emt 0:00:29]} 20. Qxc6 {[%emt 0:00:54]} Rxc6 {[%emt 0:14:36]} 21. f5 {[%emt 0:01:01]} exf5 {[%emt 0:00:26]} 22. Bxd6 {[%emt 0:00:04]} Rxd6 {[%emt 0:00:21]} 23. Rxf5 {[%emt 0:02:47]} g6 {[%emt 0:00:31]} 24. Rf4 {[%emt 0:00:10]} f5 {[%emt 0:03:31]} 25. Rcf1 {[%emt 0:01:40]} Rdf6 {[%emt 0:01:10]} 26. g4 {[%emt 0:02:28]} Kg7 {[%emt 0:00:44]} 27. gxf5 {[%emt 0:00:26]} gxf5 {[%emt 0:01:32]} 28. Kh2 {[%emt 0:00:43]} b5 {[%emt 0:01:30]} 29. a3 {[%emt 0:01:03]} Kg6 {[%emt 0:01:41]} 30. h4 {[%emt 0:03:48]} Kg7 {[%emt 0:00:45]} 31. h5 {[%emt 0:05:53]} R8f7 32. Rg1+ {[%emt 0:00:09]} Kf8 {[%emt 0:00:51]} 33. Rg2 {[%emt 0:02:39]} Ke7 34. Kg1 {[%emt 0:00:13]} Kd6 {[%emt 0:01:44]} 35. Kf1 {[%emt 0:00:16]} Kd5 {[%emt 0:01:00]} 36. Ke1 {[%emt 0:00:16]} Kc4 {[%emt 0:01:32]} 37. Kd2 {[%emt 0:04:22]} a5 {[%emt 0:00:59]} 38. Rg8 {[%emt 0:01:14]} Rf8 39. Rg7 {[%emt 0:00:00]} R8f7 {[%emt 0:00:43]} 40. Rg2 {[%emt 0:00:00]} Kb3 {[%emt 0:00:00]} 41. Kc1 {[%emt 0:00:49]} Kc4 {[%emt 0:01:37]} 42. Kc2 {[%emt 0:02:07]} a4 {[%emt 0:01:13]} 43. Rg6 {[%emt 0:04:12]} Rf8 {[%emt 0:00:18]} 44. Rg7 {[%emt 0:00:14]} R8f7 {[%emt 0:00:23]} 45. Rg6 Rf8 1/2-1/2

[Event "21st Sants Open 2019"]
[Site "Cotxeres de Sants"]
[Date "2019.08.29"]
[Round "7.1"]
[White "Arjun Kalyan"]
[Black "Henriquez Villagra, Cristobal"]
[Result "1/2-1/2"]
[WhiteElo "2482"]
[BlackElo "2562"]
[Annotator "TA"]
[PlyCount "131"]
[EventDate "2019.08.22"]
[EventType "swiss"]
[EventCountry "ESP"]
[SourceTitle "playchess.com"]
[Source "ChessBase"]
[SourceQuality "1"]

{[%evp 12,131,23,18,25,20,11,4,25,17,27,17,20,14,14,14,14,13,20,12,22,14,26,15,42,25,41,33,39,43,65,29,68,41,39,39,73,71,117,36,37,22,20,0,18,0,0,0,0,0,0,0,20,0,24,12,6,0,38,61,52,42,69,84,123,51,111,14,17,21,27,17,17,10,26,-5,-5,-5,-5,-5,-5,-5,-1,-14,-14,-17,-1,-1,-1,-1,-1,-17,0,0,0,-17,-17,-17,-1,-1,-1,-1,-1,-1,-1,-1,-1,-1,-1,-1,0,-1,-1,-1,-1,-1,-1,-1,-1,-1,-1,-8]} 1. e4 e5 2. Nf3 Nc6 3. Bc4 Bc5 4. O-O Nf6 5. d3 d6 6. c3 h6 7. Re1 O-O {C54: Giuoco Piano: 4 c3 Nf6, main lines with 5 d4 and 5 d3} 8. Nbd2 a5 9. Nf1 Be6 $146 ({Predecessor:} 9... Bb6 10. Ng3 Be6 11. Bb5 Ne7 12. d4 Ng6 {½-½ (47) Inarkiev,E (2694)-Andreikin,D (2708) Sochi 2017}) 10. Bb5 Ne7 11. d4 Bb6 12. h3 Ng6 13. Ng3 exd4 14. Nxd4 c6 15. Bd3 Re8 16. Be3 a4 17. Qc2 Ra5 18. Nxe6 fxe6 19. Rad1 Ne5 20. Bd4 Nfd7 21. Bf1 Nf7 22. b4 axb3 $1 23. axb3 Qh4 24. b4 Ra3 25. Bxb6 ({White should try} 25. e5 $16) 25... Nxb6 $14 26. Ra1 Raa8 27. Qb3 Qf6 28. Ra5 Ne5 29. Rea1 Rad8 30. c4 Rf8 31. R5a2 Nc8 32. Rd1 Rf7 33. Qe3 Rdf8 34. c5 dxc5 35. bxc5 Ne7 36. Rd6 Kh7 37. Qb3 N5g6 38. Rxe6 ({Resist} 38. Qxb7 Nf5 $14) ({Better is} 38. Qxe6 $16 Qg5 39. Rc2) 38... Qg5 $1 39. Nf5 ({Much worse is} 39. Qxb7 $6 Rxf2 40. Rxf2 Rxf2 $11) (39. Qe3 $16) 39... Nxf5 $11 40. exf5 Nf4 41. Re5 Rxf5 42. Rxf5 Qxf5 43. g3 Nxh3+ {The position is equal.} 44. Bxh3 Qxh3 45. Qxb7 {[%mdl 4096] Endgame KQR-KQR} Qf5 46. Qb4 Rd8 {[#] ( -> ...Rd1+)} 47. Ra1 Rd5 48. Rc1 h5 49. Kg2 Re5 50. Qc4 Kg6 (50... Re7 {is more complex.} 51. Rd1 Rf7 52. f4 Rb7 53. Re1 Rb2+) 51. Qd4 Qe4+ (51... Rd5 {looks sharper.} 52. Qe3 Qe5 53. Qxe5 Rxe5 54. Kh3 Kf5) 52. Qxe4+ Rxe4 {KR-KR} 53. f4 Kf5 54. Kh3 g6 55. Rd1 Rc4 56. Rd8 $1 Rxc5 57. Rf8+ Ke6 58. Rg8 Kf7 59. Rc8 Rc3 60. Kh4 c5 61. Rc6 c4 62. g4 hxg4 63. Kxg4 Rc1 64. f5 Rg1+ 65. Kf3 Rf1+ 66. Ke4 {Accuracy: White = 52%, Black = 59%.} 1/2-1/2

[Event "21st Sants Open 2019"]
[Site "Cotxeres de Sants"]
[Date "2019.08.29"]
[Round "7.2"]
[White "Salinas Herrera, Pablo"]
[Black "Neef, Maximilian"]
[Result "0-1"]
[WhiteElo "2506"]
[BlackElo "2481"]
[Annotator "ChessBase"]
[PlyCount "104"]
[EventDate "2019.08.22"]
[EventType "swiss"]
[EventCountry "ESP"]
[SourceTitle "playchess.com"]
[Source "ChessBase"]
[SourceQuality "1"]
[TimeControl "40/5400+30:1800+30"]

1. d4 {[%emt 0:00:00]} Nf6 {[%emt 0:00:00]} 2. c4 {[%emt 0:00:00]} g6 {[%emt 0:00:00]} 3. Nc3 {[%emt 0:00:00]} Bg7 {[%emt 0:00:00]} 4. e4 {[%emt 0:00:00]} d6 {[%emt 0:00:00]} 5. h3 {[%emt 0:00:00]} O-O {[%emt 0:00:08]} 6. Be3 {[%emt 0:00:04]} Na6 {[%emt 0:01:21]} 7. g4 {[%emt 0:02:58]} c5 {[%emt 0:01:05]} 8. Nge2 {[%emt 0:01:31]} cxd4 {[%emt 0:02:35]} 9. Nxd4 {[%emt 0:00:06]} b6 {[%emt 0:01:20]} 10. Bg2 {[%emt 0:10:03]} Bb7 {[%emt 0:01:08]} 11. O-O {[%emt 0:02:08]} Nc5 {[%emt 0:07:52]} 12. Qc2 {[%emt 0:13:28]} Rb8 {[%emt 0:09:13]} 13. Rad1 {[%emt 0:02:13]} Ncd7 {[%emt 0:01:01]} 14. f4 {[%emt 0:00:45]} Qc8 {[%emt 0:15:34]} 15. Nd5 {[%emt 0:05:49]} Re8 {[%emt 0:01:55]} 16. Rfe1 {[%emt 0:23:02]} a6 {[%emt 0:03:03]} 17. a4 {[%emt 0:00:16]} e6 {[%emt 0:06:25]} 18. Nxf6+ {[%emt 0:09:14]} Nxf6 {[%emt 0:01:13]} 19. Bf2 {[%emt 0:04:36]} Qc7 {[%emt 0:03:21]} 20. b3 {[%emt 0:00:32]} Ba8 {[%emt 0:03:19]} 21. Qe2 {[%emt 0:01:29]} e5 {[%emt 0:11:03]} 22. fxe5 {[%emt 0:00:04]} Rxe5 {[%emt 0:00:05]} 23. Bg3 {[%emt 0:01:46]} Rxe4 {[%emt 0:01:49]} 24. Bxe4 {[%emt 0:00:41]} Nxe4 {[%emt 0:00:06]} 25. Qe3 {[%emt 0:07:50]} Nxg3 {[%emt 0:03:34]} 26. Qxg3 {[%emt 0:00:12]} Be5 {[%emt 0:00:11]} 27. Rxe5 {[%emt 0:10:48]} dxe5 {[%emt 0:00:07]} 28. Re1 {[%emt 0:00:06]} Re8 {[%emt 0:05:51]} 29. Nc2 {[%emt 0:00:08]} Qc5+ {[%emt 0:02:41]} 30. Ne3 {[%emt 0:00:07]} Rd8 {[%emt 0:01:21]} 31. Qf2 {[%emt 0:03:27]} Rd3 {[%emt 0:02:01]} 32. g5 {[%emt 0:00:06]} Qd4 {[%emt 0:01:58]} 33. Kh2 {[%emt 0:02:16]} Rd2 {[%emt 0:02:15]} 34. Re2 {[%emt 0:00:04]} Qf4+ {[%emt 0:00:23]} 35. Kg1 {[%emt 0:00:11]} Qxg5+ {[%emt 0:03:05]} 36. Ng4 {[%emt 0:00:06]} Rxe2 {[%emt 0:04:18]} 37. Qxe2 {[%emt 0:00:03]} h5 {[%emt 0:01:01]} 38. Qxe5 {[%emt 0:00:04]} Qc1+ {[%emt 0:00:26]} 39. Kf2 {[%emt 0:00:07]} Qd2+ {[%emt 0:01:03]} 40. Kg3 {[%emt 0:00:00]} Qg2+ {[%emt 0:00:00]} 41. Kh4 {[%emt 0:00:35]} hxg4 {[%emt 0:01:09]} 42. hxg4 {[%emt 0:01:00]} Qf2+ {[%emt 0:01:29]} 43. Kg5 {[%emt 0:00:04]} Qd2+ {[%emt 0:00:11]} 44. Kh4 {[%emt 0:00:07]} Qd8+ {[%emt 0:00:41]} 45. g5 {[%emt 0:00:06]} a5 {[%emt 0:00:18]} 46. c5 {[%emt 0:00:05]} bxc5 {[%emt 0:01:05]} 47. Qxc5 {[%emt 0:00:04]} Qd5 {[%emt 0:00:37]} 48. Qc8+ {[%emt 0:00:03]} Kh7 {[%emt 0:00:23]} 49. Qf8 {[%emt 0:00:06]} Qe4+ {[%emt 0:01:31]} 50. Kg3 {[%emt 0:00:07]} Qf3+ {[%emt 0:00:06]} 51. Kh4 {[%emt 0:00:04]} Qf4+ {[%emt 0:00:33]} 52. Kh3 {[%emt 0:00:04]} Bf3 {[%emt 0:00:31]} 0-1

[Event "21st Sants Open 2019"]
[Site "Cotxeres de Sants"]
[Date "2019.08.29"]
[Round "7.4"]
[White "Gokerkan, Cem Kaan"]
[Black "Puranik, Abhimanyu"]
[Result "1-0"]
[WhiteElo "2421"]
[BlackElo "2550"]
[Annotator "ChessBase"]
[PlyCount "91"]
[EventDate "2019.08.22"]
[EventType "swiss"]
[EventCountry "ESP"]
[SourceTitle "playchess.com"]
[Source "ChessBase"]
[SourceQuality "1"]
[TimeControl "40/5400+30:1800+30"]

1. Nf3 {[%emt 0:08:24]} Nf6 {[%emt 0:00:00]} 2. g3 {[%emt 0:00:06]} g6 {[%emt 0:00:07]} 3. b3 {[%emt 0:00:16]} Bg7 {[%emt 0:00:08]} 4. Bb2 {[%emt 0:00:05]} d5 {[%emt 0:00:11]} 5. c4 {[%emt 0:00:31]} c6 {[%emt 0:00:08]} 6. Bg2 {[%emt 0:00:19]} O-O {[%emt 0:00:07]} 7. O-O {[%emt 0:00:05]} Bf5 {[%emt 0:02:44]} 8. d3 {[%emt 0:02:36]} Re8 {[%emt 0:01:17]} 9. Nbd2 {[%emt 0:02:31]} a5 {[%emt 0:03:10]} 10. Rc1 {[%emt 0:05:48]} Na6 {[%emt 0:06:34]} 11. Re1 {[%emt 0:06:13]} Bg4 {[%emt 0:13:00]} 12. h3 {[%emt 0:13:09]} Bxf3 {[%emt 0:00:06]} 13. Nxf3 {[%emt 0:00:07]} e6 {[%emt 0:00:38]} 14. d4 {[%emt 0:07:47]} Qd6 {[%emt 0:06:39]} 15. Ne5 {[%emt 0:03:03]} Nd7 {[%emt 0:01:16]} 16. Nxd7 {[%emt 0:11:54]} Qxd7 {[%emt 0:00:02]} 17. e3 {[%emt 0:01:57]} Red8 {[%emt 0:06:04]} 18. Qd2 {[%emt 0:04:12]} a4 {[%emt 0:03:30]} 19. bxa4 {[%emt 0:01:33]} Nc7 {[%emt 0:00:53]} 20. a5 {[%emt 0:01:16]} Ra7 {[%emt 0:05:00]} 21. cxd5 {[%emt 0:04:00]} exd5 {[%emt 0:00:47]} 22. Bf1 {[%emt 0:04:06]} Rda8 {[%emt 0:08:18]} 23. Bc3 {[%emt 0:00:33]} Bf6 {[%emt 0:05:26]} 24. h4 {[%emt 0:08:09]} Ne8 {[%emt 0:01:23]} 25. Bb4 {[%emt 0:01:42]} Nc7 {[%emt 0:07:32]} 26. Rc2 {[%emt 0:00:49]} h5 {[%emt 0:01:45]} 27. Rb1 {[%emt 0:00:46]} Na6 {[%emt 0:03:29]} 28. Bc3 {[%emt 0:00:05]} Bd8 {[%emt 0:03:25]} 29. Rcb2 {[%emt 0:00:43]} Qc8 {[%emt 0:02:30]} 30. Rb3 {[%emt 0:01:47]} Nc7 {[%emt 0:03:54]} 31. Qb2 {[%emt 0:00:30]} Rb8 {[%emt 0:00:04]} 32. a4 {[%emt 0:00:53]} Be7 {[%emt 0:07:43]} 33. Rb6 {[%emt 0:02:36]} Bd6 {[%emt 0:00:49]} 34. Rxc6 {[%emt 0:00:45]} Qd7 {[%emt 0:00:49]} 35. Rb6 {[%emt 0:02:04]} Na8 {[%emt 0:00:58]} 36. Rb5 {[%emt 0:01:09]} Nc7 {[%emt 0:00:10]} 37. Rb6 {[%emt 0:00:04]} Na8 {[%emt 0:00:04]} 38. Rb3 {[%emt 0:00:20]} Nc7 {[%emt 0:00:04]} 39. a6 {[%emt 0:04:13]} Nxa6 {[%emt 0:01:24]} 40. Bxa6 {[%emt 0:00:00]} Rxa6 {[%emt 0:00:00]} 41. Rxb7 {[%emt 0:00:16]} Rxb7 {[%emt 0:00:08]} 42. Qxb7 {[%emt 0:00:05]} Qf5 {[%emt 0:03:13]} 43. Rb6 {[%emt 0:06:31]} Rxa4 {[%emt 0:05:02]} 44. Rxd6 {[%emt 0:00:44]} Ra2 {[%emt 0:00:38]} 45. Rd8+ {[%emt 0:00:56]} Kg7 {[%emt 0:00:16]} 46. Be1 {[%emt 0:04:23]} 1-0

[Event "21st Sants Open 2019"]
[Site "Cotxeres de Sants"]
[Date "2019.08.29"]
[Round "7.5"]
[White "Antal, Gergely"]
[Black "Gines Esteo, Pedro Antonio"]
[Result "0-1"]
[WhiteElo "2549"]
[BlackElo "2417"]
[Annotator "ChessBase"]
[PlyCount "116"]
[EventDate "2019.08.22"]
[EventType "swiss"]
[EventCountry "ESP"]
[SourceTitle "playchess.com"]
[Source "ChessBase"]
[SourceQuality "1"]
[TimeControl "40/5400+30:1800+30"]

1. e4 c6 2. d4 d5 3. e5 Bf5 4. h4 h5 5. Bd3 Bxd3 6. Qxd3 e6 7. Bg5 Be7 8. Nf3 Nh6 9. Nc3 Nf5 10. Ne2 c5 11. dxc5 Na6 12. Bxe7 Qxe7 13. Qb5+ Qd7 14. a4 Qxb5 15. axb5 Nxc5 16. Nfd4 Nxd4 17. Nxd4 Kd8 18. Rh3 Kc7 19. Rg3 g6 20. b4 Nd7 21. f4 Kb6 22. Kd2 Rhc8 23. Rc3 Rxc3 24. Kxc3 Rc8+ 25. Kd3 Rc4 26. c3 Nb8 27. g3 Rc8 28. Rc1 Nd7 29. Rc2 Rc4 30. Ra2 Rc8 31. Nf3 Rc7 32. Ra5 Nc5+ 33. Kc2 Ne4 34. Ra3 Nxg3 35. Kd3 Nf5 36. Nd2 Kxb5 37. Rxa7 Nxh4 38. Ra5+ Kc6 39. c4 b6 40. Ra8 Ng2 41. cxd5+ Kb7 42. d6 Kxa8 43. dxc7 Kb7 44. Ke4 h4 45. Kf3 h3 46. Ne4 Kxc7 47. Nf2 Ne1+ 48. Kg3 Nc2 49. Nd3 Kc6 50. Kxh3 Kd5 51. Kg3 Kd4 52. Nf2 Nxb4 53. Nh3 Nc6 54. Ng5 Nd8 55. Kf3 b5 56. Ne4 b4 57. Nd2 Kc3 58. Ne4+ Kc2 0-1

[Event "21st Sants Open 2019"]
[Site "Cotxeres de Sants"]
[Date "2019.08.29"]
[Round "7.6"]
[White "Sardana, Rishi"]
[Black "Harsha Bharathakoti"]
[Result "0-1"]
[WhiteElo "2410"]
[BlackElo "2489"]
[Annotator "RC"]
[PlyCount "168"]
[EventDate "2019.08.22"]
[EventType "swiss"]
[EventCountry "ESP"]
[SourceTitle "playchess.com"]
[Source "ChessBase"]
[SourceQuality "1"]
[TimeControl "40/5400+30:1800+30"]

1. e4 c5 2. Nf3 d6 3. Bb5+ Nd7 4. O-O a6 5. Bd3 Ngf6 6. Re1 e6 7. a4 b6 8. c3 Bb7 9. Na3 Qc7 10. Qe2 Be7 11. Bc2 Rc8 12. d3 O-O 13. h3 Rfe8 14. Bd2 Bf8 15. Rac1 e5 16. Bb3 h6 17. Nh4 d5 18. exd5 Nxd5 19. Nf3 Re6 20. Qd1 Rce8 21. Nc4 Qc6 22. d4 exd4 23. Rxe6 Qxe6 24. cxd4 cxd4 25. Nxd4 Qf6 26. Nf3 Nc5 27. Bc2 Ne4 28. Bxe4 Rxe4 29. Qb3 Nf4 30. Bxf4 Qxf4 31. Qc2 Re6 32. Qd2 Qf6 33. Qd4 Qg6 34. Qg4 Qf6 35. Qd4 Qg6 36. Qg4 Qxg4 37. hxg4 Bc5 38. Re1 Rxe1+ 39. Nxe1 Bc8 40. Nd3 Bd4 41. Nce5 Be6 42. b4 Bc3 43. f3 Bb3 44. a5 bxa5 45. bxa5 Bxa5 46. Kf2 Bb6+ 47. Ke2 f6 48. Nd7 Bd4 49. N7c5 Bc4 50. Kd2 Kf7 51. Ne4 Ke7 52. Ng3 g6 53. Ne2 Bb6 54. Nef4 Bf7 55. Kc3 a5 56. Ne2 Kd6 57. Nb2 Kc6 58. Nc4 Bc7 59. Nd4+ Kc5 60. Nb3+ Kb5 61. Nd4+ Ka6 62. Nc6 a4 63. Kb4 Bxc4 64. Kxc4 Bd6 65. Nd4 a3 66. Kb3 Kb6 67. Nc2 Kc6 68. Kc4 Bc5 69. Na1 Bd6 70. Nc2 Kd7 71. Kb3 Ke6 72. Nd4+ Ke5 73. Ne2 Kd5 74. Kc3 a2 75. Kb2 Kc4 76. Kxa2 Kd3 77. Nc1+ Ke3 78. Kb3 Kf2 79. Kc4 Kxg2 80. Kd5 Bf4 81. Nd3 Kxf3 82. Ke6 Bg5 83. Kf7 h5 84. Kxg6 h4 0-1